DIGITAL MAMMOGRAPHY (Record no. 796835)

MARC details
000 -LEADER
fixed length control field 00515pam a2200181 a 4500
020 ## - INTERNATIONAL STANDARD BOOK NUMBER
International Standard Book Number 0781741424
Terms of availability 4138.20
041 ## - LANGUAGE CODE
Language code of text/sound track or separate title eng
Language code of original NULL
082 ## - DEWEY DECIMAL CLASSIFICATION NUMBER
Classification number 618.1907572
Item number PIS/YAF
100 ## - MAIN ENTRY--PERSONAL NAME
Personal name PISAN, E. D.,.YAFFE, M. J., KUZMIAK, C. M.
245 ## - TITLE STATEMENT
Title DIGITAL MAMMOGRAPHY
Statement of responsibility, etc. NULL.
Medium Textual Documents
260 ## - PUBLICATION, DISTRIBUTION, ETC.
Place of publication, distribution, etc. NULL :
Name of publisher, distributor, etc. LANGE MEDICAL BOOKS ,
Date of publication, distribution, etc. 2004.
300 ## - PHYSICAL DESCRIPTION
Extent 231 :
Other physical details XII ;
Dimensions A4 .
365 ## - TRADE PRICE
Price type code 4138.20
650 ## - SUBJECT ADDED ENTRY--TOPICAL TERM
Topical term or geographic name entry element OBST.GYNE
700 ## - ADDED ENTRY--PERSONAL NAME
Personal name YAFFE, M .
-- KUZMIAK, C .
930 ## - EQUIVALENCE OR CROSS-REFERENCE-UNIFORM TITLE HEADING [LOCAL, CANADA]
Uniform title 2299
Holdings
Withdrawn status Lost status Damaged status Not for loan Collection Home library Current library Date acquired Source of acquisition Cost, normal purchase price Total Checkouts Full call number Barcode Date last seen Copy number Price effective from Koha item type
          Medical College & Hospital, Sangli Medical College & Hospital, Sangli 17/11/2007 B.M.S.G.B.PUNE 4138.20   618.1907572 PIS/YAF MCS-5686 26/07/2023 1 26/07/2023 Book